000 00746nam a2200265Ia 4500
005 20260302114703.0
008 008 260114s9999 xx 000 0 eng d
020 _a9781350383500
037 _aTextbook
040 _aCRL
040 _beng
040 _cCRL
041 _2eng
041 _aeng
084 _qCRL
100 _aSheldon George and Jean Wyatt
_91119450
245 0 _aExperimental Subjectivities in Global Black Women's Writing Race and Narrative Innovation
260 _bBloomsbury
260 _bBloomsbury Academic
260 _c2024
650 _aLiterary Studies
856 _uhttps://doi.org/10.5040/9781350383500?locatt=label:secondary_bloomsburyCollections
942 _cEBOOK
999 _c1683487
_d1683487